000 00330nam a22001457a 4500
008 230630b ||||| |||| 00| 0 eng d
020 _a9781932628258
041 _aeng
080 _2FOURTH EDITION
_a51
082 _a51WRI
100 _a23
101 _aMATE
245 _aPREALGEBRA A WORKTEXT
_cWRIGHT .F.D
942 _2udc
_cBK
999 _c60062
_d60062